000 01191naa a22003137a 4500
001 BR8204351
003 BR-BrBNA
005 20240918175133.0
007 ta
008 230509b bl.||||| |||| 00| 0 por d
040 _aBR-BrBNA
_bpor
_cBiblioteca Nacional de Agricultura
041 _a(Pt)
072 _aF00; F27
_b1410
_b0120
_bG514
090 _aF00 BR8204351
100 1 _aSilva, L.C.M.
100 1 _aSander, G.
100 1 _aWestphalen, S.L.
111 1 _a16. Reuniao Tecnica do Feijao
_cPorto Alegre, RS (Brazil)
_d8 Sep 1982
245 1 _aAvaliacao de sistemas de consorcio de milho e feijao com variacao de epocas de estabelecimento das duas especies, cultivos duplos e triplos [Zea mays, Phaseolus vulgaris, Brasil]
260 3 _aPorto Alegre, RS (Brasil):
_c1982.
500 _aAta da 16. Reuniao Tecnica do Feijao Porto Alegre, RS (Brasil): 1982. p. 37-41 (BR8204351-AM)F00
650 _aCONSORCIACAO DE CULTURA
650 _aMILHO
650 _aFEIJAO
650 _aCULTIVO SEQUENCIAL
773 0 _tAta da 16. Reuniao Tecnica do Feijao
_wF00 BR8204351
_gPorto Alegre, RS (Brasil), 1982. p. 37-41
909 _a202404
_bLucia
_c55
_dLucia Elande
942 _cAM
_2AGRIS
999 _c315220
_d315220